000 00643nam a22002297a 4500
003 UA-OsUOA
001 42935
007 ta
008 20061130b un ||||| |||| 00| 0 ukr d
100 _aБогданович М.
090 _a821.161.3
942 _cBK
040 _aUA-OsUOA
_brus
_cUA-OsUOA
_dUA-OsUOA
245 _aУзор Василька
_bИзбранная лирика
300 _a140 с.
955 _a3
041 _arus
080 _a821.161.3
260 _aМінск
_bМастацкая літаратура
_c1985
650 7 _a82 Література. Літературознавство
_2UDC
999 _c329069
_d329069